LEADER 01098nam a2200229 i 4500 001 000000192483 003 CaOOAMICUS 005 20100920000000.0 008 100920s1923 it u000 u ita u 013 $a171062 040 $aSeMil$bita 100 1 $aLazzeri, Zeffirino.$0(OLS)http://semarc/name/62698 245 13$aLa leggenda dei tre compagni :$btesto senese inedito del 15. secolo /$cAppendice e discussione critica del P. Z. Lazzeri O. F. M ; Illustrazioni di Alaide Vanzetti. 260 $aFirenze :$bGiulio Giannini & Figlio,$ccopyr. 1923. 300 $aIX, 168 p. :$bill. ;$c19 cm. 500 $aContiene : Appendice. 600 04$aFrancesco : d'Assisi .$0(OLS)http://semarc/subject/1416 700 1 $aVanzetti, Alaide.$0(OLS)http://semarc/name/62699 850 $aSeMil 852 $aSeMil$W1$xVenegono$y1$m3J II 69$j143058$B143058$CSeMilBibl$Z2$F154427 $81 996 $6245$aLa leggenda dei tre compagni :$btesto senese inedito del 15. secolo$9(OLS)http://semarc/title/277415 996 $6260$aFirenze :$bGiulio Giannini & Figlio$9(OLS)http://semarc/publisher/33916 LEADER 00958nam a2200217 i 4500 001 000000337984 003 CaOOAMICUS 005 20191113155918.0 008 191113s1940 it u000 u ita u 040 $aSeMil$bita 245 10$a35: Notturno /$cGabriele D'Annunzio. 260 $a[Gardone Riviera] :$bIl vittoriale degli italiani,$c1940. 300 $aXVI, 339 p. ;$c21 cm. 700 1 $aD'Annunzio, Gabriele,$d<1863-1938>.$0(OLS)http://semarc/name/1300 773 0 $aD'Annunzio, Gabriele <1863-1938>$tOpere di Gabriele D'Annunzio.$d[Gardone Riviera] : Il vittoriale degli italiani, 1939-$w()28298 850 $aSeMil 852 $aSeMil$W1$xVenegono$y1$m1A VI 181$j218225$B230210$CSeMilBibl$Z2$F230210 $81 961 $aDono del dr. Guido Sagramoso 996 $6245$a35: Notturno$9(OLS)http://semarc/title/426894 996 $6260$a[Gardone Riviera] :$bIl vittoriale degli italiani$9(OLS)http://semarc/publisher/58665